Gatt, Dunkal, WTO ondhu vishasarpa (Record no. 172393)

000 -LEADER
fixed length control field 00348nam a2200121Ia 4500
008 - FIXED-LENGTH DATA ELEMENTS--GENERAL INFORMATION
fixed length control field 220217s9999||||xx |||||||||||||| ||und||
082 ## - DEWEY DECIMAL CLASSIFICATION NUMBER
Classification number 894.814 1 SUN
100 ## - MAIN ENTRY--PERSONAL NAME
Personal name Sundaresh, B.K
245 #0 - TITLE STATEMENT
Title Gatt, Dunkal, WTO ondhu vishasarpa
260 ## - PUBLICATION, DISTRIBUTION, ETC.
Place of publication, distribution, etc. Navodaya printers and publishers
Name of publisher, distributor, etc. Cikkamangalore
Date of publication, distribution, etc. 2001
300 ## - PHYSICAL DESCRIPTION
Other physical details 10
650 ## - SUBJECT ADDED ENTRY--TOPICAL TERM
Topical term or geographic name entry element GENERAL BOOKS
Holdings
Withdrawn status Lost status Damaged status Not for loan Collection code Home library Current library Shelving location Date acquired Full call number Barcode Date last seen Price effective from Koha item type
        Humanity Science Central Library Central Library Book Cart 02/18/2022 894.814 1 SUN 7582 02/18/2022 02/18/2022 Books

Powered by Koha